Basic of Mechnical Engineering (Record no. 4699)

MARC details
000 -LEADER
fixed length control field 00404nam a22001697a 4500
005 - DATE AND TIME OF LATEST TRANSACTION
control field 20160629135821.0
008 - FIXED-LENGTH DATA ELEMENTS--GENERAL INFORMATION
fixed length control field 160629b xxu||||| |||| 00| 0 eng d
020 ## - INTERNATIONAL STANDARD BOOK NUMBER
ISBN 978-93-80027-59-3
041 ## - LANGUAGE CODE
Language code of text/sound track or separate title eng
082 ## - DEWEY DECIMAL CLASSIFICATION NUMBER
Item number 12295
100 ## - MAIN ENTRY--AUTHOR NAME
Personal name Kumar, Dr. D.S
245 ## - TITLE STATEMENT
Title Basic of Mechnical Engineering
260 ## - PUBLICATION, DISTRIBUTION, ETC. (IMPRINT)
Name of publisher Katson
Year of publication 2012
300 ## - PHYSICAL DESCRIPTION
Number of Pages 451
650 ## - SUBJECT ADDED ENTRY--TOPICAL TERM
Topical Term Diploma Engineering
942 ## - ADDED ENTRY ELEMENTS (KOHA)
Koha item type Books
Holdings
Lost status Damaged status Home library Current library Shelving location Date acquired Cost, normal purchase price Full call number Accession Number Koha item type
    JRU Library   SHELF-45-H 29/06/2016 250.00 12295 12295 Books
    JRU Library   SHELF-45-H 29/06/2016 250.00 12295 12296 Books
    JRU Library   SHELF-45-H 29/06/2016 250.00 12295 12297 Books
    JRU Library   SHELF-45-H 29/06/2016 250.00 12295 12298 Books
    JRU Library   SHELF-45-I 29/06/2016 250.00 12295 12299 Books
    JRU Library   SHELF-45-H 29/06/2016 250.00 12295 12300 Books
    JRU Library   SHELF-45-H 29/06/2016 250.00 12295 12301 Books
    JRU Library     29/06/2016 250.00 12295 12302 Books
    JRU Library   SHELF-45-H 29/06/2016 250.00 12295 12303 Books